| 000 | 00541nam a2200205 i 4500 | ||
|---|---|---|---|
| 001 | 91886 | ||
| 003 | ES-MaACL | ||
| 005 | 20231220194707.0 | ||
| 007 | t| | ||
| 008 | 050225s2000 sp ||||1| spa d | ||
| 020 | _a84-8198-335-7 | ||
| 080 | _a821.1.34.2-31"19" | ||
| 100 | 1 |
_aGalán, Ilia, _d1966- _9234259 |
|
| 245 | 1 | 0 |
_aTequila sin trabajo / _cIlia Galán. |
| 250 | _a1ª ed. | ||
| 260 |
_aMadrid : _bMorandi, _c2000. |
||
| 300 |
_a286 p. ; _c19 cm. |
||
| 852 |
_aES-MaACL _jL-28926 _bR.135222 |
||
| 999 |
_c91886 _d91886 |
||